| 000 | 00746cam a2200229 4500 | ||
|---|---|---|---|
| 001 | J97007 | ||
| 008 | 090401t1998 xxu||||| |||| 00| 0 eng d | ||
| 035 | _a(Sirsi) u91672 | ||
| 041 | _aeng | ||
| 050 | _a333.2 | ||
| 110 |
_aLand Trusts Association _93224 |
||
| 245 | _aOccasional papers. - No. 6 (November 1998) | ||
| 260 |
_bLand Trusts Association _c1998 |
||
| 300 | _a14p. ; 21cm. | ||
| 350 | _a0 | ||
| 520 | _aPAPERS:- The Guiting Manor Amenity Trust./ COCHRANE, E.R. & RUDDOCK, JAMES - Dartington Hall Trust./ TAYLOR, CHARLES - Access update./ MacNICOL, IAN - Courtyard Farm Trust./ MELCHETT, PETER & RUDDOCK, JAMES. | ||
| 650 | _aGUITING POWER | ||
| 650 | _aLAND TRUSTS | ||
| 690 | _aLAND | ||
| 942 | _n0 | ||
| 948 | _c02/03/1999 | ||
| 999 |
_c97662 _d97662 |
||